Learning Maya. (Record no. 111764)

MARC details
000 -LEADER
campo de control de longitud fija 01229cam a2200361Ma 4500
001 - NÚMERO DE CONTROL
campo de control 88614
005 - FECHA Y HORA DE LA ÚLTIMA TRANSACCIÓN
campo de control 20230411090046.0
006 - CÓDIGOS DE INFORMACIÓN DE LONGITUD FIJA--CARACTERÍSTICAS DEL MATERIAL ADICIONAL
campo de control de longitud fija m i
007 - CAMPO FIJO DE DESCRIPCIÓN FÍSICA--INFORMACIÓN GENERAL
campo de control de longitud fija co cou||||||||
008 - DATOS DE LONGITUD FIJA--INFORMACIÓN GENERAL
campo de control de longitud fija 010926s2001 onca 001 0 eng d
035 ## - NÚMERO DE CONTROL DEL SISTEMA
Número de control de sistema (OCoLC)ocm82242162
040 ## - FUENTE DE CATALOGACIÓN
Centro catalogador/agencia de origen CaOONL
Centro/agencia transcriptor NLC
016 ## - NÚMERO DE CONTROL DE UNA AGENCIA BIBLIOGRÁFICA NACIONAL
Número de control del registro 20010123911
020 ## - NÚMERO INTERNACIONAL ESTÁNDAR DEL LIBRO
Número Internacional Estándar del Libro 0968572545
020 ## - NÚMERO INTERNACIONAL ESTÁNDAR DEL LIBRO
Número Internacional Estándar del Libro 9780968572542
035 ## - NÚMERO DE CONTROL DEL SISTEMA
Número de control de sistema (OCoLC)82242162
055 00 - NÚMEROS DE CLASIFICACIÓN ASIGNADOS EN CANADÁ
Número de clasificación TR 897 .7
Número de ítem L438 2000
082 00 - NÚMERO DE LA CLASIFICACIÓN DECIMAL DEWEY
Número de clasificación 006.696
049 ## - FONDOS LOCALES (OCLC)
Biblioteca depositaria GRAL
245 00 - MENCIÓN DEL TÍTULO
Título Learning Maya.
260 ## - PUBLICACIÓN, DISTRIBUCIÓN, ETC.
Lugar de publicación, distribución, etc. Toronto :
Nombre del editor, distribuidor, etc. Alias/Wavefront,
Fecha de publicación, distribución, etc. c2000.
300 ## - DESCRIPCIÓN FÍSICA
Extensión xiv, 548 p. :
Otras características físicas col. ill. ;
Dimensiones 23 cm +
Material acompañante/anejo 1 computer laser optical disk.
500 ## - NOTA GENERAL
Nota general "Maya 3" --Cover.
500 ## - NOTA GENERAL
Nota general Accompanied by 1 interactive CD-ROM in pocket attached to cover p. [3].
500 ## - NOTA GENERAL
Nota general Includes index.
538 ## - NOTA DE DETALLES DEL SISTEMA
Nota de detalles del sistema CD-ROM is PC/IRIX/MAC compatible. Requires Maya Complete 3 or Maya Unlimited 3, for Windows NT or SGI IRIX systems, CD-ROM player, Netscape Navigator 4.0 or Internet Explorer 4.0 browser or higher.
650 #0 - PUNTO DE ACCESO ADICIONAL DE MATERIA--TÉRMINO DE MATERIA
Término de materia o nombre geográfico como elemento de entrada Computer animation.
650 #0 - PUNTO DE ACCESO ADICIONAL DE MATERIA--TÉRMINO DE MATERIA
Término de materia o nombre geográfico como elemento de entrada Three-dimensional display systems.
650 #4 - PUNTO DE ACCESO ADICIONAL DE MATERIA--TÉRMINO DE MATERIA
Término de materia o nombre geográfico como elemento de entrada Sistemas de representación tridimensional.
942 ## - ELEMENTOS DE ENTRADA SECUNDARIOS (KOHA)
Fuente del sistema de clasificación o colocación Clasificación de Library of Congress
Tipo de ítem Koha
994 ## -
-- C0
-- DRFGD
946 ## - PROCESAMIENTO DE INFORMACIÓN LOCAL (OCLC)
a nc
Holdings
Estatus retirado Estado de pérdida Fuente del sistema de clasificación o colocación Estado de daño No para préstamo Colección Biblioteca de origen Biblioteca actual Ubicación en estantería Fecha de adquisición Código de barras Visto por última vez Copia número Tipo de ítem Koha
    Clasificación de Library of Congress     Automatización y Procesos Técnicos Biblioteca Juan Bosch Biblioteca Juan Bosch Automatización y Procesos Técnicos (1er. Piso) 11/04/2023 00000083363 17/02/2019 1